000 00441nam a22001697a 4500
003 OSt
005 20250508104011.0
008 250508b |||||||| |||| 00| 0 eng d
020 _a9781574442489
040 _crda
100 _aM. Cappels, Thomas.,
_eAuthor
_9755472
245 _aFinancially Focused Quality
_cBy Thomas M.Capples
260 _aLondon
_bCRC
_c1999
300 _axviii,294P
650 _2Financially
942 _2CC
_cGB
_n0
999 _c1320393
_d1320393